| 000 | 00385nam a2200145Ia 4500 | ||
|---|---|---|---|
| 005 | 20251222151317.0 | ||
| 008 | 251222s9999||||xx |||||||||||||| ||spa|| | ||
| 020 | _a9789588843513 | ||
| 082 | _a615.5/G71 | ||
| 100 | _aGonzález Agudelo, Marco A.. | ||
| 245 | 0 | _aFundamentos de Medicina - Manual de Terapéutica | |
| 250 | _a17ma. ed. | ||
| 264 | _bFondo Editorial CIB | ||
| 942 | _cLIB | ||
| 999 |
_c23580 _d23580 |
||